Manbeh-I-Quwwa-I-Mazhab Der Koja Ast (Record no. 5848)

MARC details
000 -LEADER
fixed length control field 00595nam a2200241 a 4500
020 ## - INTERNATIONAL STANDARD BOOK NUMBER
ISBN
082 00 - DEWEY DECIMAL CLASSIFICATION NUMBER
Classification number 241
Author Cutter LEV3
100 ## - MAIN ENTRY--AUTHOR NAME
Author name Levonian, Lotfi
245 ## - TITLE STATEMENT
Title Manbeh-I-Quwwa-I-Mazhab Der Koja Ast
260 ## - PUBLICATION, DISTRIBUTION, ETC. (IMPRINT)
Place of publication Tehran
Name of publisher Matba Brokheem
Year of publication 1931
300 ## - PHYSICAL DESCRIPTION
Number of Pages 20p
500 ## - GENERAL NOTE
General note includes index and biblioraphy
505 2# - FORMATTED CONTENTS NOTE
Formatted contents note Hand Written Manuscript
650 ## - SUBJECT ADDED ENTRY--TOPICAL TERM
Topical Term Christian-Ethics
942 ## - ADDED ENTRY ELEMENTS (KOHA)
Koha item type Books
700 1# -
-- Levonian, Lotfi
Holdings
Home library Current library Date acquired Cost, normal purchase price Full call number Accession Number Koha item type
Henry Martyn Institute Library Henry Martyn Institute Library 04/17/2008 100.00 241 LEV3 5012 Archive Book
                   Copyright © 2026 | Henry Martyn Institute | Hyderabad | TS-500052 | INDIA | Implemented by hmi.edu.in
Hit-Count:

Powered by Koha